Teatterikorkeakoulun synty : ammattikoulusta akatemiaksi 1971-1991 /

Saved in:
Bibliographic Details
Main Author: Kallinen, Timo.
Format: Book
Language:Finnish
Published: Helsinki : Like, [2004]
Series:Elektra (Series) (Teatterikorkeakoulu (Finland))
Subjects:
Tags: Add Tag
No Tags, Be the first to tag this record!
LEADER 01325nam a22004094a 4500
001 009440887-4
005 20100427185933.0
008 040826s2004 fi a b 001|0 fin d
020 |a 9524714655 
035 0 |a ocn569030044 
043 |a e-fi--- 
090 |a PN2078.F52  |b K35 2004 
100 1 |a Kallinen, Timo. 
245 1 0 |a Teatterikorkeakoulun synty :  |b ammattikoulusta akatemiaksi 1971-1991 /  |c Timo Kallinen. 
246 3 0 |a Ammattikoulusta akatemiaksi 1971-1991. 
260 |a Helsinki :  |b Like,  |c [2004] 
300 |a 253 p. :  |b ill. ;  |c 25 cm. 
490 1 |a Elektra 
504 |a Includes bibliographical references (p. 230-241) and index. 
650 7 |a historia.  |2 ysa 
650 7 |a korkea-asteen koulutus.  |2 ysa 
650 7 |a tanssi.  |2 ysa 
650 7 |a teatteri.  |2 ysa 
650 7 |a äänisuunnittelijat.  |2 ysa 
650 7 |a valosuunnittelijat.  |2 ysa 
650 7 |a koreografit.  |2 ysa 
650 7 |a tanssijat.  |2 ysa 
650 7 |a dramaturgit.  |2 ysa 
650 7 |a teatteriohjaajat.  |2 ysa 
650 7 |a näyttelijät.  |2 ysa 
650 7 |a teatterikorkeakoulut.  |2 ysa 
610 2 0 |a Teatterikorkeakoulu (Finland)  |x History. 
610 2 0 |a Suomen Teatterikoulu  |x History. 
650 0 |a Theater  |x Study and teaching  |z Finland. 
830 0 |a Elektra (Series) (Teatterikorkeakoulu (Finland)) 
988 |a 20040826 
906 |0 MH